[Event "Khazar Cup 2016 (A) Master Tournament"]
[Site "Zibakenar,Iran"]
[Date "2016.02.18"]
[Round "9"]
[Board "9"]
[White "Khademi, Mohammad Miran"]
[Black "Ghaem Maghami, Ehsan"]
[Result "0-1"]
[WhiteElo "2276"]
[BlackElo "2570"]
[PlyCount "0"]
[EventDate "2016.02.11"]
[EventRounds "9"]
[EventCountry "IRI"]

1. e4 {[%clk 1:16:22]} c5 {[%clk 1:29:55]} 2. Nf3 {[%clk 1:13:45]} d6
{[%clk 1:29:41]} 3. c3 {[%clk 1:11:44]} Nf6 {[%clk 1:30:04]} 4. Be2
{[%clk 1:12:04]} g6 {[%clk 1:29:24]} 5. O-O {[%clk 1:12:26]} Bg7 {[%clk 1:29:28]}
6. Re1 {[%clk 1:12:19]} O-O {[%clk 1:29:48]} 7. Bf1 {[%clk 1:12:41]} Nc6
{[%clk 1:29:31]} 8. d4 {[%clk 1:13:03]} cxd4 {[%clk 1:29:14]} 9. cxd4
{[%clk 1:13:25]} Bg4 {[%clk 1:29:33]} 10. Nc3 {[%clk 1:09:17]} Bxf3
{[%clk 1:24:54]} 11. gxf3 {[%clk 1:09:38]} Nh5 {[%clk 1:20:36]} 12. Ne2 e6
{[%clk 0:55:00]} 13. Be3 {[%clk 1:02:42]} d5 {[%clk 0:52:08]} 14. Qd2
{[%clk 1:02:26]} e5 {[%clk 0:50:55]} 15. dxe5 {[%clk 0:56:09]} Nxe5
{[%clk 0:50:54]} 16. Bg2 {[%clk 0:54:21]} dxe4 17. fxe4 {[%clk 0:54:21]} Qxd2 18.
Bxd2 {[%clk 0:54:21]} Nd3 19. Rf1 Nxb2 20. Rac1 {[%clk 0:41:59]} Rac8
{[%clk 0:32:31]} 21. Bh3 {[%clk 0:42:12]} Rc4 {[%clk 0:32:39]} 22. Rxc4
{[%clk 0:34:07]} Nxc4 {[%clk 0:32:51]} 23. Bb4 {[%clk 0:34:31]} Re8
{[%clk 0:21:18]} 24. Rc1 {[%clk 0:34:20]} Rxe4 {[%clk 0:20:36]} 25. Bg2
{[%clk 0:33:49]} Rxe2 {[%clk 0:19:53]} 26. Rxc4 {[%clk 0:34:11]} Be5
{[%clk 0:19:11]} 27. Bxb7 {[%clk 0:22:34]} Rxa2 {[%clk 0:17:31]} 28. Rc8+
{[%clk 0:22:57]} Kg7 {[%clk 0:17:52]} 29. Re8 {[%clk 0:23:08]} Ra1+
{[%clk 0:16:22]} 30. Kg2 {[%clk 0:23:17]} Nf4+ {[%clk 0:16:47]} 31. Kf3
{[%clk 0:23:31]} Ne6 {[%clk 0:17:08]} 32. Bd5 {[%clk 0:22:36]} Ra4
{[%clk 0:16:01]} 33. Bxe6 {[%clk 0:19:19]} Rxb4 {[%clk 0:08:56]} 34. Bxf7
{[%clk 0:18:56]} Rf4+ {[%clk 0:08:54]} 35. Ke3 {[%clk 0:18:03]} Kxf7
{[%clk 0:09:08]} 36. Rxe5 {[%clk 0:18:25]} Rf5 {[%clk 0:09:34]} 37. Re4
{[%clk 0:18:48]} a5 {[%clk 0:09:45]} 38. Rc4 {[%clk 0:19:10]} Ke6
{[%clk 0:09:46]} 39. Rc7 {[%clk 0:19:29]} Rh5 {[%clk 0:09:19]} 40. Ra7
{[%clk 0:12:50]} Kd6 {[%clk 0:08:59]} 41. f4 {[%clk 0:13:00]} Kc6
{[%clk 0:09:02]} 42. Kd4 {[%clk 0:11:50]} Kb6 {[%clk 0:09:07]} 43. Ra8
{[%clk 0:11:52]} Rxh2 {[%clk 0:09:05]} 44. Rb8+ {[%clk 0:12:15]} Kc6
{[%clk 0:09:08]} 45. Ra8 {[%clk 0:12:04]} Rh5 {[%clk 0:09:09]} 46. Ra6+
{[%clk 0:11:49]} Kb5 {[%clk 0:07:16]} 47. Ra7 {[%clk 0:10:59]} Kb6
{[%clk 0:05:15]} 48. Re7 {[%clk 0:10:30]} Kb5 {[%clk 0:04:42]} 49. Rb7+
{[%clk 0:09:58]} Ka6 {[%clk 0:04:39]} 50. Re7 {[%clk 0:08:28]} Kb6
{[%clk 0:04:09]} 51. Re6+ {[%clk 0:06:47]} Kb5 {[%clk 0:04:01]} 52. Re7
{[%clk 0:07:08]} a4 {[%clk 0:02:31]} 53. Rb7+ {[%clk 0:06:17]} Ka6
{[%clk 0:02:32]} 54. Re7 {[%clk 0:06:39]} a3 {[%clk 0:02:36]} 55. Re6+
{[%clk 0:05:47]} Kb5 {[%clk 0:02:22]} 56. Re8 {[%clk 0:05:46]} Kb4
{[%clk 0:02:34]} 0-1

[Event "Khazar Cup 2016 (A) Master Tournament"]
[Site "Zibakenar,Iran"]
[Date "2016.02.18"]
[Round "9"]
[Board "10"]
[White "Ghorbani, Hadi"]
[Black "Stopa, Jacek"]
[Result "1/2-1/2"]
[WhiteElo "2160"]
[BlackElo "2460"]
[PlyCount "0"]
[EventDate "2016.02.11"]
[EventRounds "9"]
[EventCountry "IRI"]

1. d4 Nf6 2. c4 c5 3. d5 b5 4. Nc3 b4 5. Nb1 g6 6. Nf3 Bg7 7. e3 O-O 8. Bd3 e6 9.
O-O a5 10. e4 d6 11. dxe6 Bxe6 12. Nbd2 Nc6 13. a4 bxa3 14. Rxa3 Nd7 15. Nb1 Nb6
16. Qe2 Re8 17. Bg5 Qb8 18. Nc3 h6 19. Be3 Bg4 20. h3 Bxf3 21. Qxf3 Nd4 22. Bxd4
Bxd4 23. Rfa1 a4 24. e5 Bxe5 25. Nxa4 Nxa4 26. Rxa4 Rxa4 27. Rxa4 Qxb2 28. g3 Re6
29. Qa8+ Kg7 30. Ra2 Qd4 31. Qf3 Rf6 32. Qe4 Qc3 33. Kg2 Bd4 34. Rc2 Qb3 35. Re2
h5 36. h4 Rf5 37. f4 Rf6 38. Qf3 Qd1 39. Re8 Qd2+ 40. Re2 Qc3 41. Re8 d5 42. cxd5
Rb6 43. f5 Rb2+ 44. Kh3 Bg1 45. Re2 Rxe2 46. Qxe2 Qf6 47. fxg6 fxg6 48. Qe6 Qxe6+
49. dxe6 Bf2 50. e7 Kf7 51. Bxg6+ Kxe7 52. Bxh5 Bxg3 53. Kxg3 Kf6 1/2-1/2

[Event "Khazar Cup 2016 (A) Master Tournament"]
[Site "Zibakenar,Iran"]
[Date "2016.02.18"]
[Round "9"]
[Board "11"]
[White "Moradi, Amirmasoud"]
[Black "Mahjoob Zardast, Morteza"]
[Result "0-1"]
[WhiteElo "2209"]
[BlackElo "2361"]
[PlyCount "0"]
[EventDate "2016.02.11"]
[EventRounds "9"]
[EventCountry "IRI"]

1. e4 {[%clk 1:30:57]} c5 {[%clk 1:22:18]} 2. Nf3 {[%clk 1:31:13]} Nc6
{[%clk 1:22:33]} 3. d4 {[%clk 1:31:30]} cxd4 {[%clk 1:22:51]} 4. Nxd4
{[%clk 1:31:57]} g6 {[%clk 1:23:13]} 5. c4 {[%clk 1:30:59]} Nf6 {[%clk 1:23:37]}
6. Nc3 {[%clk 1:30:48]} Nxd4 {[%clk 1:24:02]} 7. Qxd4 {[%clk 1:27:56]} d6
{[%clk 1:24:29]} 8. Be3 {[%clk 1:27:01]} Bg7 {[%clk 1:24:56]} 9. f3
{[%clk 1:26:59]} O-O {[%clk 1:25:24]} 10. Qd2 {[%clk 1:27:27]} Be6
{[%clk 1:25:01]} 11. Rc1 {[%clk 1:22:43]} Qa5 {[%clk 1:24:08]} 12. Nd5
{[%clk 1:20:05]} Qxa2 {[%clk 1:11:38]} 13. Nxe7+ {[%clk 1:19:27]} Kh8
{[%clk 1:12:03]} 14. Be2 Ng8 {[%clk 0:39:39]} 15. Nd5 {[%clk 1:17:15]} Bxd5
{[%clk 0:32:26]} 16. cxd5 Qxb2 {[%clk 0:32:26]} 17. Qxb2 Bxb2 {[%clk 0:32:26]}
18. Rb1 Bg7 19. Rxb7 {[%clk 0:34:33]} a5 {[%clk 0:27:47]} 20. Kd2
{[%clk 0:30:06]} a4 {[%clk 0:24:50]} 21. Kd3 {[%clk 0:21:11]} Rfb8
{[%clk 0:18:20]} 22. Rbb1 {[%clk 0:20:22]} Nf6 {[%clk 0:17:10]} 23. Bd4
{[%clk 0:12:58]} Nd7 {[%clk 0:17:20]} 24. Bxg7+ {[%clk 0:12:46]} Kxg7
{[%clk 0:17:45]} 25. Kd4 {[%clk 0:13:11]} Nc5 {[%clk 0:14:43]} 26. Bc4
{[%clk 0:12:41]} f6 {[%clk 0:14:20]} 27. f4 {[%clk 0:09:41]} Rxb1
{[%clk 0:09:12]} 28. Rxb1 {[%clk 0:10:09]} a3 {[%clk 0:09:36]} 29. e5
{[%clk 0:07:52]} fxe5+ {[%clk 0:09:58]} 30. fxe5 {[%clk 0:08:17]} Ra4
{[%clk 0:10:24]} 31. Kc3 {[%clk 0:03:06]} dxe5 {[%clk 0:09:46]} 32. Ba2
{[%clk 0:01:37]} Rd4 {[%clk 0:06:56]} 33. Rb5 {[%clk 0:01:14]} Ne4+
{[%clk 0:07:10]} 34. Kb3 {[%clk 0:01:42]} Rd3+ {[%clk 0:07:03]} 35. Kb4
{[%clk 0:01:30]} Nc3 {[%clk 0:03:30]} 36. Rb7+ {[%clk 0:01:32]} Kf6
{[%clk 0:03:54]} 37. Bc4 {[%clk 0:01:07]} a2 {[%clk 0:02:44]} 38. Ra7
{[%clk 0:01:15]} Rd1 {[%clk 0:02:57]} 39. Bxa2 {[%clk 0:00:57]} Nxa2+
{[%clk 0:03:22]} 40. Rxa2 {[%clk 0:01:09]} Rxd5 {[%clk 0:03:50]} 41. Rf2+
{[%clk 0:00:37]} Ke6 {[%clk 0:04:12]} 42. Kc3 {[%clk 0:00:47]} h5
{[%clk 0:02:35]} 43. h4 {[%clk 0:00:35]} Rd4 {[%clk 0:02:37]} 44. Rf8
{[%clk 0:00:38]} Rxh4 {[%clk 0:02:45]} 45. Kd3 {[%clk 0:00:59]} Rg4
{[%clk 0:02:52]} 46. Rf2 {[%clk 0:01:27]} Rf4 {[%clk 0:02:34]} 47. Ra2
{[%clk 0:01:48]} Kf5 {[%clk 0:02:44]} 48. Ke3 {[%clk 0:02:12]} Kg4 0-1

[Event "Khazar Cup 2016 (A) Master Tournament"]
[Site "Zibakenar,Iran"]
[Date "2016.02.18"]
[Round "9"]
[Board "12"]
[White "Mari Ooriad, Pouya"]
[Black "Ziatdinov, Raset"]
[Result "1-0"]
[WhiteElo "2205"]
[BlackElo "2310"]
[PlyCount "0"]
[EventDate "2016.02.11"]
[EventRounds "9"]
[EventCountry "IRI"]

1. e4 c5 2. Nf3 e6 3. Nc3 a6 4. d4 cxd4 5. Nxd4 Qc7 6. Qf3 Nf6 7. Bg5 Bd6 8.
O-O-O Be5 9. g3 b5 10. Bg2 Bb7 11. Rhe1 O-O 12. Qe3 b4 13. Nce2 Ng4 14. Qf3 f5
15. Nf4 Qb6 16. h3 Bxd4 17. hxg4 fxe4 18. Rxe4 Bxf2 19. Kb1 b3 20. axb3 e5 21.
Be7 Rf7 22. Ba3 Ra7 23. Rxe5 Rf8 24. Qe2 Bxg2 25. Bxf8 Nc6 26. Re8 Kf7 27. Nxg2
Qb5 28. Rd3 1-0